मेलुहाचे मृत्युंजय / (Record no. 68779)

MARC details
000 -LEADER
fixed length control field 01006nam a22002297a 4500
005 - DATE AND TIME OF LATEST TRANSACTION
control field 20120614170415.0
008 - FIXED-LENGTH DATA ELEMENTS--GENERAL INFORMATION
fixed length control field 081007t xxu||||| |||| 00| 0 mar d
010 ## - LCCN (DPL NO)
LC control number MAR-22367
020 ## - INTERNATIONAL STANDARD BOOK NUMBER
Terms of availability 295.00
International Standard Book Number 9789381626641
035 ## - SYSTEM CONTROL NUMBER
System control number MR-15025
037 ## - SOURCE OF ACQUISITION
Source of stock number/acquisition D.B.Act /pub
082 ## - DEWEY DECIMAL CLASSIFICATION NUMBER
Classification number 823
100 ## - MAIN ENTRY--PERSONAL NAME
9 (RLIN) 49115
Personal name अमिश
245 ## - TITLE STATEMENT
Title मेलुहाचे मृत्युंजय /
Statement of responsibility, etc अमिश ; मीना शेटे द्वारा अनुवादित
246 ## - VARYING FORM OF TITLE
Remainder of title by Ameesh
Title proper/short title Melhuhachey Mritunjay
260 ## - PUBLICATION, DISTRIBUTION, ETC. (IMPRINT)
Place of publication, distribution, etc पुणे
Name of publisher, distributor, etc अमेय प्रकाशन
Date of publication, distribution, etc 2011
270 ## - ADDRESS
City पुणे
Address 207, बिझनेस गिल्ड,लॉ कॉलेज रोड,
300 ## - PHYSICAL DESCRIPTION
Extent 187पृ.
Dimensions 22 सेमी(अजिल्द)
700 ## - ADDED ENTRY--PERSONAL NAME
Personal name शेटे, मीना
9 (RLIN) 50569
942 ## - ADDED ENTRY ELEMENTS (KOHA)
Source of classification or shelving scheme Dewey Decimal Classification
Item type Marathi Books
Call number suffix अमिश
Classification part 823
Holdings
Withdrawn status Lost status Source of classification or shelving scheme Damaged status Not for loan Collection code Home library Current library Date acquired Source of acquisition Cost, normal purchase price Total Checkouts Full call number Barcode Date last seen Copy number Cost, replacement price Koha item type
    Dewey Decimal Classification   Not For Loan Fiction D.B.Act.Division D.B.Act.Division 27/07/2012 DBAD / PUB 295.00   823 अमिश MR-15025 27/07/2012 1 295.00 Marathi Books

© Delhi Public Library
Hit Counter
free hit counter